[Event "FRA-chT2 0910"]
[Site "France"]
[Date "2009.10.04"]
[Round "1.6"]
[White "Rodriguez, Angel"]
[Black "Daloz, Jean Michel"]
[Result "0-1"]
[WhiteElo "2096"]
[BlackElo "2169"]
[PlyCount "72"]
[EventDate "2009.09.27"]
[EventType "team-tourn"]
[EventRounds "11"]
[EventCountry "FRA"]
[SourceTitle "EXT 2011"]
[Source "ChessBase"]
[SourceDate "2010.11.26"]
[SourceVersion "1"]
[SourceVersionDate "2010.11.26"]
[SourceQuality "1"]

1. e4 c5 2. Nc3 Nc6 3. g3 g6 4. Bg2 Bg7 5. d3 e6 6. Nge2 Nge7 7. 0-0 0-0 8. Bg5 h6 9. Be3 Nd4 10. Qd2 Kh7 11. Nf4 d6 12. Rab1 b6 13. Nd1 Bb7 14. c3 Rc8 15. f3 Ndc6 16. Ne2 d5 17. d4 cxd4 18. cxd4 e5 19. Ndc3 Nxd4 20. Nxd4 exd4 21. Bxd4 dxe4 22. Rbd1 exf3 23. Bxf3 Bxf3 24. Rxf3 Nf5 25. Bxg7 Kxg7 26. Rd3 Qe7 27. Qf2 Rfd8 28. Nd5 Qc5 29. Qxc5 Rxc5 30. Ne7 Rxd3 31. Nxf5+ gxf5 32. Rxd3 Rc1+ 33. Kg2 Rc2+ 34. Kh3 Rxb2 35. a3 Ra2 36. Rc3 Kg6 0-1

[Event "FRA-chT2 South 0708"]
[Site "France"]
[Date "2008.04.05"]
[Round "10.6"]
[White "Bressac, Stephane"]
[Black "Daloz, Jean Michel"]
[Result "0-1"]
[WhiteElo "2028"]
[BlackElo "2179"]
[PlyCount "94"]
[EventDate "2007.10.21"]
[EventType "team-tourn"]
[EventRounds "11"]
[EventCountry "FRA"]
[SourceTitle "EXT 2009"]
[Source "ChessBase"]
[SourceDate "2008.11.26"]
[SourceVersion "1"]
[SourceVersionDate "2008.11.26"]
[SourceQuality "1"]
[WhiteTeam "Nice"]
[BlackTeam "Ramonville"]
[WhiteTeamCountry "FRA"]
[BlackTeamCountry "FRA"]

1. e4 c5 2. Nf3 Nc6 3. d4 cxd4 4. Nxd4 Nf6 5. Nc3 e5 6. Ndb5 d6 7. Bg5 a6 8. Na3 b5 9. Nd5 Be7 10. Bxf6 Bxf6 11. c4 b4 12. Nc2 a5 13. Be2 Bg5 14. 0-0 0-0 15. b3 g6 16. a3 bxa3 17. Rxa3 Rb8 18. Qd3 Be6 19. Rfa1 Rb7 20. b4 axb4 21. Ra6 b3 22. Rxc6 bxc2 23. Qxc2 Qb8 24. Rd1 Rb2 25. Qd3 Bxd5 26. cxd5 Bd8 27. Rc2 Rb4 28. Rc4 Rxc4 29. Qxc4 Bb6 30. Bg4 Qa7 31. Qe2 Rb8 32. g3 Bd4 33. Rf1 Rb2 34. Qf3 Kg7 35. h4 Qa2 36. Kg2 h5 37. Bd7 Rb3 38. Qd1 Bc5 39. g4 Rb2 40. Qf3 Qa7 41. Bc6 hxg4 42. Qxg4 Bxf2 43. h5 Bg1+ 44. Kh3 Rh2+ 45. Kg3 Qe3+ 46. Qf3 Qg5+ 47. Qg4 Rg2+ 0-1

[Event "FRA-chT2 South 0708"]
[Site "France"]
[Date "2007.12.16"]
[Round "4.7"]
[White "Daloz, Jean Michel"]
[Black "Laurain, Dominique"]
[Result "1-0"]
[WhiteElo "2175"]
[BlackElo "2027"]
[PlyCount "71"]
[EventDate "2007.10.21"]
[EventType "team-tourn"]
[EventRounds "11"]
[EventCountry "FRA"]
[SourceTitle "EXT 2009"]
[Source "ChessBase"]
[SourceDate "2008.11.26"]
[SourceVersion "1"]
[SourceVersionDate "2008.11.26"]
[SourceQuality "1"]
[WhiteTeam "Ramonville"]
[BlackTeam "Tournefeuille"]
[WhiteTeamCountry "FRA"]
[BlackTeamCountry "FRA"]

1. d4 Nf6 2. Nf3 g6 3. c4 Bg7 4. Nc3 d5 5. e3 0-0 6. Qb3 c6 7. Bd2 a5 8. Rc1 a4 9. Qd1 Ne4 10. cxd5 cxd5 11. a3 Bg4 12. Bb5 e5 13. dxe5 Nc6 14. Be2 Be6 15. 0-0 Nxe5 16. Nd4 Nxd2 17. Qxd2 Qa5 18. Rfd1 Rfd8 19. Ncb5 Qxd2 20. Rxd2 Nc4 21. Rdc2 Rac8 22. Kf1 Be5 23. Ke1 Bxh2 24. Nxe6 fxe6 25. g3 e5 26. Bxc4 dxc4 27. Rxc4 Rxc4 28. Rxc4 Rd3 29. Ke2 Rb3 30. Rb4 Rxb4 31. axb4 g5 32. Kf3 Kf7 33. Nd6+ Ke6 34. Nxb7 Kd5 35. Na5 Kd6 36. e4 1-0

[Event "FRA-chT2 0405"]
[Site "France"]
[Date "2005.03.13"]
[Round "9.5"]
[White "Gelis, Dorian"]
[Black "Daloz, Jean Michel"]
[Result "1-0"]
[WhiteElo "2172"]
[BlackElo "2194"]
[PlyCount "93"]
[EventDate "2004.10.10"]
[EventType "team-tourn"]
[EventRounds "11"]
[EventCountry "FRA"]
[SourceTitle "EXT 2006"]
[Source "ChessBase"]
[SourceDate "2005.11.24"]
[SourceVersion "1"]
[SourceVersionDate "2005.11.24"]
[SourceQuality "1"]
[WhiteTeam "Montpellier  II"]
[BlackTeam "Tournefeuille"]
[WhiteTeamCountry "FRA"]
[BlackTeamCountry "FRA"]

1. e4 c5 2. Nc3 Nc6 3. Bb5 g6 4. Bxc6 dxc6 5. d3 e5 6. Be3 Nh6 7. f3 f6 8. Qd2 Nf7 9. Na4 b6 10. 0-0-0 Be6 11. b3 Qe7 12. Qc3 Nd6 13. Kb1 0-0-0 14. Ne2 Nb5 15. Qb2 Nd4 16. c3 Nb5 17. Rd2 Bg7 18. Rhd1 f5 19. Qc1 Kb7 20. Nb2 Rd7 21. Nc4 Rhd8 22. a4 Nd6 23. Nxd6+ Rxd6 24. Qa3 a5 25. Kc2 Bf8 26. Qb2 Qh4 27. b4 cxb4 28. cxb4 axb4 29. Qxe5 Qe7 30. Qb2 c5 31. d4 fxe4 32. fxe4 Bg4 33. e5 Bf5+ 34. Kc1 Rc8 35. dxc5 Rxd2 36. Rxd2 bxc5 37. Nf4 c4 38. Qd4 Ka8 39. Nd5 Qb7 40. Nb6+ Kb8 41. e6 b3 42. Bf4+ Rc7 43. Bxc7+ Qxc7 44. Qd8+ Qxd8 45. Rxd8+ Kc7 46. Rxf8 Bxe6 47. Kb2 1-0

[Event "FRA-chT2 0405"]
[Site "France"]
[Date "2004.11.07"]
[Round "3.6"]
[White "Nekam Tchassem, Arnaud"]
[Black "Daloz, Jean Michel"]
[Result "0-1"]
[WhiteElo "2115"]
[BlackElo "2194"]
[PlyCount "122"]
[EventDate "2004.10.10"]
[EventType "team-tourn"]
[EventRounds "11"]
[EventCountry "FRA"]
[SourceTitle "EXT 2006"]
[Source "ChessBase"]
[SourceDate "2005.11.24"]
[SourceVersion "1"]
[SourceVersionDate "2005.11.24"]
[SourceQuality "1"]

1. e4 c5 2. Nf3 Nc6 3. d4 cxd4 4. Nxd4 Nf6 5. Nc3 e5 6. Ndb5 d6 7. Bg5 a6 8. Na3 b5 9. Nd5 Be7 10. Bxf6 Bxf6 11. c3 Bb7 12. Qf3 Bg5 13. Nc2 Nb8 14. a4 bxa4 15. Rxa4 Nd7 16. Bc4 0-0 17. h4 Bh6 18. g4 Nc5 19. Ra2 Bf4 20. b4 Ne6 21. Qd3 a5 22. g5 axb4 23. cxb4 Rxa2 24. Bxa2 Kh8 25. Rh3 Qd7 26. Rf3 Qa4 27. Bb3 Qa7 28. Qb5 Rc8 29. Qd7 Nd4 30. Rc3 Nxc2+ 31. Bxc2 Rb8 32. Rc7 Qa1+ 33. Bd1 Ba6 34. b5 Qa5+ 35. Nc3 Bb7 36. Rxb7 Qxc3+ 37. Kf1 Qc4+ 38. Be2 Qc1+ 39. Kg2 Rg8 40. Qc6 Qd2 41. Qc4 f6 42. b6 Qa5 43. Qf7 Qe1 44. Qc4 fxg5 45. hxg5 Bxg5 46. Rf7 d5 47. exd5 Qb1 48. Qb5 Qg6 49. Rf3 Bf4+ 50. Kf1 Rc8 51. Bc4 Rb8 52. b7 Qf7 53. Rb3 e4 54. d6 Qf6 55. d7 e3 56. Qb6 Qh4 57. d8Q+ Rxd8 58. Qxd8+ Qxd8 59. fxe3 Bb8 60. e4 Qd1+ 61. Kg2 Qc2+ 0-1

[Event "Tarbes op 11th"]
[Site "Tarbes"]
[Date "2003.04.21"]
[Round "9"]
[White "Daloz, Jean Michel"]
[Black "Jossien, Remy"]
[Result "0-1"]
[WhiteElo "2183"]
[BlackElo "2189"]
[PlyCount "80"]
[EventDate "2003.04.19"]
[EventType "swiss"]
[EventRounds "9"]
[EventCountry "FRA"]
[SourceTitle "EXT 2004"]
[Source "ChessBase"]
[SourceDate "2003.11.25"]
[SourceVersion "1"]
[SourceVersionDate "2003.11.25"]
[SourceQuality "1"]

1. d4 d5 2. c4 e5 3. dxe5 d4 4. Nf3 Nc6 5. g3 Bg4 6. Bg2 Qd7 7. 0-0 0-0-0 8. Nbd2 h5 9. Qa4 Kb8 10. b4 Nxb4 11. Qxd7 Rxd7 12. e6 Bxe6 13. Ne5 Rd8 14. Rb1 Bd6 15. Nd3 Bf5 16. Ne4 Nxd3 17. Nxd6 Rxd6 18. Rxb7+ Kc8 19. exd3 Bxd3 20. Re1 Bxc4 21. Bf4 Bd5 22. Bxd5 Rxd5 23. Rxc7+ Kd8 24. Rb1 Ke8 25. Rxa7 Ne7 26. Ra8+ Rd8 27. Rbb8 Kd7 28. Ra7+ Ke8 29. Rbb7 Nc6 30. Ra6 Ne7 31. Raa7 Nc8 32. Ra8 d3 33. Bd2 Nd6 34. Rxd8+ Kxd8 35. Rb8+ Nc8 36. f3 Re8 37. Ba5+ Kd7 38. Rb7+ Kc6 39. Rb2 Nd6 40. Rd2 Nc4 0-1

[Event "Tarbes op 11th"]
[Site "Tarbes"]
[Date "2003.04.21"]
[Round "8"]
[White "Francois, Gilles"]
[Black "Daloz, Jean Michel"]
[Result "0-1"]
[WhiteElo "2103"]
[BlackElo "2183"]
[PlyCount "56"]
[EventDate "2003.04.19"]
[EventType "swiss"]
[EventRounds "9"]
[EventCountry "FRA"]
[SourceTitle "EXT 2004"]
[Source "ChessBase"]
[SourceDate "2003.11.25"]
[SourceVersion "1"]
[SourceVersionDate "2003.11.25"]
[SourceQuality "1"]

1. c4 c5 2. Nf3 b6 3. d4 cxd4 4. Nxd4 Bb7 5. Nc3 d6 6. e4 Nf6 7. f3 e6 8. Qa4+ Nbd7 9. Bg5 a6 10. Rd1 Qc7 11. Be2 Be7 12. 0-0 0-0 13. Rc1 Rfe8 14. Qc2 Rac8 15. Qd2 Qb8 16. Rfd1 Ne5 17. b3 Ned7 18. Be3 Bf8 19. Na4 d5 20. cxd5 Rxc1 21. Rxc1 exd5 22. exd5 Nxd5 23. Bf2 b5 24. Nc6 Qf4 25. Qd1 bxa4 26. Nd4 axb3 27. axb3 N7f6 28. Rc4 Bd6 0-1

[Event "FRA-chT3 Gr3 9900"]
[Site "France"]
[Date "2001.01.14"]
[Round "5"]
[White "Daloz, Jean Michel"]
[Black "Courrier, Arnaud"]
[Result "1/2-1/2"]
[WhiteElo "2175"]
[BlackElo "2134"]
[PlyCount "83"]
[EventDate "1999.10.??"]
[EventType "team-tourn"]
[EventRounds "9"]
[EventCountry "FRA"]
[SourceTitle "EXT 2005"]
[Source "ChessBase"]
[SourceDate "2004.11.15"]
[SourceVersion "1"]
[SourceVersionDate "2004.11.15"]
[SourceQuality "1"]

1. d4 f5 2. g3 Nf6 3. Bg2 d6 4. Nh3 c6 5. Nc3 Na6 6. d5 cxd5 7. Nxd5 Nxd5 8. Qxd5 e6 9. Qb5+ Qd7 10. Qxd7+ Kxd7 11. Bd2 Rb8 12. e4 fxe4 13. Bxe4 Nc5 14. Bg2 b6 15. 0-0-0 Bb7 16. Bxb7 Rxb7 17. Rhe1 Be7 18. Bc3 Bf6 19. Bxf6 gxf6 20. Rd4 e5 21. Rh4 Rc7 22. Kb1 Ne6 23. f4 Nd4 24. fxe5 dxe5 25. c3 Nf3 26. Rd1+ Ke6 27. Rh6 Rg8 28. Nf2 Rg6 29. Rh5 Rgg7 30. Rd3 Ng5 31. h4 Nf7 32. Ne4 f5 33. Nf2 e4 34. Re3 Ne5 35. Nxe4 fxe4 36. Rxe4 Rc5 37. b4 Rxc3 38. Rhxe5+ Kd6 39. g4 Rgc7 40. Re6+ Kd5 41. R6e5+ Kd6 42. Re6+ 1/2-1/2

[Event "FRA-chT3 Gr3 9900"]
[Site "France"]
[Date "2000.10.15"]
[Round "1"]
[White "Betis Doucet, JP."]
[Black "Daloz, Jean Michel"]
[Result "0-1"]
[WhiteElo "1730"]
[BlackElo "2175"]
[PlyCount "84"]
[EventDate "1999.10.??"]
[EventType "team-tourn"]
[EventRounds "9"]
[EventCountry "FRA"]
[SourceTitle "EXT 2005"]
[Source "ChessBase"]
[SourceDate "2004.11.15"]
[SourceVersion "1"]
[SourceVersionDate "2004.11.15"]
[SourceQuality "1"]

1. Nf3 c5 2. c4 b6 3. g3 Bb7 4. Bg2 e6 5. Nc3 Nf6 6. 0-0 Be7 7. d3 0-0 8. Bg5 h6 9. Bxf6 Bxf6 10. a4 Nc6 11. e3 d6 12. Nd2 Qd7 13. Nb3 Na5 14. Bxb7 Qxb7 15. Nxa5 bxa5 16. Qc2 Rab8 17. Rab1 a6 18. Ne4 Be7 19. b3 f5 20. Nc3 Bf6 21. Rfd1 h5 22. Ne2 h4 23. d4 hxg3 24. hxg3 Qf3 25. Nf4 cxd4 26. exd4 g5 27. Nxe6 Rf7 28. Qd3 Qg4 29. Qf1 f4 30. d5 f3 31. Qd3 Rh7 32. Qg6+ Bg7 33. Nxg5 Rh6 34. Qf7+ Kh8 35. Qf4 Qxf4 36. gxf4 Rf8 37. Nxf3 Rxf4 38. Rd3 Rg4+ 39. Kf1 Rh1+ 40. Ke2 Rxb1 41. c5 Rb2+ 42. Ke3 Bh6+ 0-1

[Event "FRA-chT2S 9900"]
[Site "France"]
[Date "1999.11.20"]
[Round "2"]
[White "Todorov, Todor"]
[Black "Daloz, Jean Michel"]
[Result "1-0"]
[WhiteElo "2480"]
[BlackElo "2182"]
[PlyCount "93"]
[EventDate "1999.01.15"]
[EventType "team-tourn"]
[EventRounds "7"]
[EventCountry "FRA"]
[SourceTitle "EXT 2002"]
[Source "ChessBase"]
[SourceDate "2001.11.25"]
[SourceVersion "1"]
[SourceVersionDate "2001.11.25"]
[SourceQuality "1"]

1. e4 c5 2. Nf3 Nc6 3. Bb5 g6 4. Bxc6 dxc6 5. h3 e5 6. d3 f6 7. Be3 Nh6 8. Qd2 Nf7 9. Qc3 b6 10. a4 Be6 11. Nbd2 a5 12. 0-0 Bd6 13. Nc4 Bc7 14. b3 Qd7 15. Rfd1 0-0-0 16. Qb2 h6 17. Rd2 Ng5 18. Nh2 Qg7 19. Rf1 Kb7 20. f4 exf4 21. Bxf4 Bxf4 22. Rxf4 Qc7 23. Rdf2 f5 24. exf5 Bxf5 25. Qe5 Qxe5 26. Nxe5 Rhe8 27. Nhf3 Rd5 28. Nc4 b5 29. axb5 cxb5 30. Nxa5+ Kb6 31. b4 cxb4 32. Nb3 Nxf3+ 33. R2xf3 Re2 34. Rf2 Rxf2 35. Kxf2 g5 36. Rxb4 Bd7 37. Re4 Rf5+ 38. Ke3 Rf1 39. Ke2 Rg1 40. Kf2 Rh1 41. Re7 Bxh3 42. gxh3 Rxh3 43. Re6+ Kc7 44. Nd4 b4 45. Kg2 g4 46. Re4 h5 47. Ne6+ 1-0

[Event "Syre Memorial op 20th"]
[Site "Issy les Moulineaux"]
[Date "1997.05.??"]
[Round "?"]
[White "Dezan, Pierre"]
[Black "Daloz, Jean Michel"]
[Result "0-1"]
[WhiteElo "2245"]
[BlackElo "2180"]
[PlyCount "122"]
[EventDate "1997.05.??"]
[EventType "swiss"]
[EventRounds "9"]
[EventCountry "FRA"]
[SourceTitle "EXT 2007"]
[Source "ChessBase"]
[SourceDate "2006.11.23"]
[SourceVersion "1"]
[SourceVersionDate "2006.11.23"]
[SourceQuality "1"]

1. d4 Nf6 2. Nf3 e6 3. g3 b5 4. Bg2 Bb7 5. Bg5 c5 6. 0-0 Qb6 7. Bxf6 gxf6 8. c3 Bc6 9. Nbd2 f5 10. e3 a5 11. Nh4 Bxg2 12. Nxg2 d5 13. a4 cxd4 14. cxd4 Nd7 15. Nf4 Bd6 16. Nd3 0-0 17. Rc1 Rfc8 18. Qb3 b4 19. Rc2 Rc6 20. Rxc6 Qxc6 21. Rc1 Qa6 22. Qc2 Nb6 23. Nb3 Nxa4 24. Qc6 Qxc6 25. Rxc6 Be7 26. Kf1 Nxb2 27. Nxb2 a4 28. Na1 b3 29. Nxa4 Rxa4 30. Nxb3 Kg7 31. Nc1 Rc4 32. Rxc4 dxc4 33. Ke2 Bb4 34. Na2 Ba5 35. h4 Kg6 36. Kf3 Kh5 37. Ke2 Kg4 38. Nc1 Bb4 39. Na2 Ba5 40. Nc1 Bc3 41. Na2 Ba5 42. Nc1 h6 43. Na2 h5 44. Nc1 Bc3 45. Na2 Bb2 46. Nb4 f4 47. exf4 Bxd4 48. Nc6 Bf6 49. Nb4 Kh3 50. Nc2 c3 51. Kf3 Bg7 52. f5 e5 53. Ke3 Kg2 54. Ne1+ Kf1 55. Nc2 Bh6+ 56. f4 Kg2 57. Ke4 exf4 58. gxf4 Bg7 59. Kd5 Kh3 60. Kd6 Bf6 61. Ne3 Bxh4 0-1

[Event "Syre Memorial op 20th"]
[Site "Issy les Moulineaux"]
[Date "1997.05.??"]
[Round "?"]
[White "Mohtaji, Javad"]
[Black "Daloz, Jean Michel"]
[Result "0-1"]
[WhiteElo "1970"]
[BlackElo "2180"]
[PlyCount "84"]
[EventDate "1997.05.??"]
[EventType "swiss"]
[EventRounds "9"]
[EventCountry "FRA"]
[SourceTitle "EXT 2007"]
[Source "ChessBase"]
[SourceDate "2006.11.23"]
[SourceVersion "1"]
[SourceVersionDate "2006.11.23"]
[SourceQuality "1"]

1. e4 c5 2. Nf3 Nc6 3. d4 cxd4 4. Nxd4 Nf6 5. Nc3 e5 6. Ndb5 d6 7. Bg5 a6 8. Bxf6 gxf6 9. Na3 b5 10. Nd5 Bg7 11. c3 f5 12. Bd3 Ne7 13. Nxe7 Qxe7 14. Qh5 d5 15. exd5 e4 16. 0-0 0-0 17. Rfe1 b4 18. Nc4 bxc3 19. Rad1 cxb2 20. Bb1 Bd7 21. Nb6 Rab8 22. Nxd7 Qxd7 23. g4 fxg4 24. Rxe4 f5 25. Rxg4 Rf6 26. Rg5 Rbf8 27. Rd3 Rc8 28. Rd1 Rc1 29. Qf3 Rfc6 30. Kg2 Qe7 31. Rh5 R6c3 32. Rd3 Rxb1 33. Rxc3 Rg1+ 34. Kxg1 b1Q+ 35. Kg2 Bxc3 36. Qxc3 Qg7+ 37. Qg3 Qxg3+ 38. hxg3 Qe4+ 39. f3 Qe2+ 40. Kh3 Qxf3 41. Rg5+ Kf7 42. Kh4 Qh1# 0-1

[Event "Corsica rap op"]
[Site "Corsica"]
[Date "1997.??.??"]
[Round "1"]
[White "Daloz, Jean Michel"]
[Black "Blatny, Pavel"]
[Result "0-1"]
[WhiteElo "2180"]
[BlackElo "2555"]
[PlyCount "50"]
[EventDate "1997.??.??"]
[EventType "swiss (rapid)"]
[EventRounds "9"]
[EventCountry "FRA"]
[SourceTitle "EXT 1999"]
[Source "ChessBase"]
[SourceDate "1998.11.16"]
[SourceVersion "1"]
[SourceVersionDate "1998.11.16"]
[SourceQuality "1"]

1. d4 Nf6 2. c4 d6 3. Nf3 g6 4. Nc3 Bf5 5. Qb3 Qc8 6. h3 Bg7 7. g4 Bd7 8. Bg2 Nc6 9. Qd1 e5 10. d5 Ne7 11. Be3 b6 12. Qd2 h5 13. g5 Nh7 14. Nh4 0-0 15. a4 Re8 16. a5 Nf8 17. Nb5 Nf5 18. Nxf5 gxf5 19. f4 Ng6 20. 0-0 Bxb5 21. cxb5 Qd7 22. Rac1 Qxb5 23. Rxc7 exf4 24. Bd4 Rxe2 25. Qc3 Rxg2+ 0-1

[Event "FRA-chT2S"]
[Site "France"]
[Date "1997.??.??"]
[Round "2"]
[White "Daloz, Jean Michel"]
[Black "Rue, David"]
[Result "1-0"]
[WhiteElo "2155"]
[BlackElo "2080"]
[PlyCount "69"]
[EventDate "1997.??.??"]
[EventType "team-tourn"]
[EventRounds "9"]
[EventCountry "FRA"]
[SourceTitle "EXT 2007"]
[Source "ChessBase"]
[SourceDate "2006.11.23"]
[SourceVersion "1"]
[SourceVersionDate "2006.11.23"]
[SourceQuality "1"]
[WhiteTeam "Toulouse"]
[BlackTeam "Clermont Ferrand"]
[WhiteTeamCountry "FRA"]
[BlackTeamCountry "FRA"]

1. d4 Nf6 2. c4 e5 3. dxe5 Ng4 4. e3 Nxe5 5. Nh3 Ng6 6. g3 Nc6 7. Bg2 d6 8. Nc3 h5 9. Nd5 Bg4 10. f3 Be6 11. b3 h4 12. g4 Qd7 13. Bb2 0-0-0 14. Qd2 Nce5 15. 0-0-0 f5 16. g5 f4 17. exf4 Nxc4 18. bxc4 c6 19. f5 Bxf5 20. Ndf4 Nxf4 21. Nxf4 Be7 22. Ne2 h3 23. Bf1 Rh4 24. Ng3 d5 25. Nxf5 Qxf5 26. Bd3 Qxf3 27. Rdf1 Qg2 28. Bf5+ Kb8 29. Rhg1 Rxc4+ 30. Kd1 Qxd2+ 31. Kxd2 Ra4 32. Bb1 Bd6 33. Bxg7 Bxh2 34. Rh1 Bf4+ 35. Rxf4 1-0

[Event "FRA-chT"]
[Site "France"]
[Date "1996.??.??"]
[Round "?"]
[White "Daloz, Jean Michel"]
[Black "Sermier, Guillaume"]
[Result "1-0"]
[WhiteElo "2160"]
[BlackElo "2295"]
[PlyCount "41"]
[EventDate "1996.??.??"]
[EventType "team-tourn"]
[EventRounds "11"]
[EventCountry "FRA"]
[SourceTitle "CBM 055 Extra"]
[Source "ChessBase"]
[SourceDate "1997.01.01"]
[SourceVersion "1"]
[SourceVersionDate "1997.01.01"]
[SourceQuality "1"]

1. d4 d5 2. c4 e6 3. Nc3 c6 4. e3 f5 5. f4 Nf6 6. Nf3 Be7 7. Bd3 0-0 8. Qe2 Ne4 9. Bd2 Nd7 10. 0-0-0 Ndf6 11. Ne5 Nxd2 12. Rxd2 Bb4 13. Rc2 c5 14. dxc5 d4 15. exd4 Qxd4 16. g3 Bxc5 17. Re1 b6 18. Kb1 Qe3 19. Qg2 Rb8 20. Rce2 Bb7 21. Qf1 1-0